Testovanie podsystému vonkajšej pamäti na pružnom disku SM 5605 Zborník prednášok

Saved in:
Bibliographic Details
Format: Book
Language:Slovak
Published: Žilina Dom techn. ČSVTS 1988
Edition:1. vyd.
Tags: Add Tag
No Tags, Be the first to tag this record!

MARC

LEADER 00000nam a2200000 4500
001 c038963
005 20221219092443.9
041 0 |a slo 
044 |a SK 
245 1 0 |a Testovanie podsystému vonkajšej pamäti na pružnom disku SM 5605  |b Zborník prednášok 
250 |a 1. vyd. 
264 1 |a Žilina  |b Dom techn. ČSVTS  |c 1988 
300 |a 123 s.